000
00424nam a22001457a 4500
020
_a
0534597870
082
_a
150
100
_a
Dennis Coon
245
_a
Essentials of psychology
250
_a
9th ed.
260
_a
Australia
_b
Thomson wardsworth
_c
2003
300
_a
623p
942
_c
BK
999
_c
2861
_d
2861